000 00226nam a22001097a 4500
082 _a494
_bSRI/B
245 _aBHAL AKSHAR GEETH
260 _aMADURAI
_bSRI RAM PUBLICATIONS
300 _a16
650 _aPOEM
_zINDIA
942 _cBK
999 _c4595
_d4595